00713 a2200169 45000010006000000050017000060080041000230030015000640400040000790800065001192450026001842640037002103000019002475050139002661000023004058560115004283024320260407155614.0260407a1967 arg spa dAR-UNSa-BCEJYS aAR-UNSa-BCEJYSbspacAR-UNSa-BCEJYS a657.474.55xCostes directos e indirectos. Costes marginales 10aContabilidad marginal 1aBilbao :bEdiciones Deustoc1967 a100 p.c22 cm. aPrimera parte:Contabilidad Marginal: 1. Introducción - 2. Definiciones - 3. Discusiones --Segunda parte: 1. La contabilidad marginal1 aRodrigo, Francisco41uhttps://biblioeco.unsa.edu.ar/pmb/images/libros/Contablidad marginal-l21890.jpgyImagen de portadaqimage/jpeg